000 00309 a2200157 4500
001 173662
020 _a
040 _cMagnum
100 _aEustaquio
240 1 0 _aMeu amigo halley
_lpor
245 1 0 _aMeu amigo halley
362 0 _a1899
440 1 _aLĂȘ
697 _aIJ/FADAS, FANTASIA
942 _cBK
999 _c173662
_d173662